Normal view MARC view

Entry Nombre personal

Number of records used in: 1

001 - NÚMERO DE CONTROL

  • campo de control: 241760

003 - IDENTIFICADOR DE NÚMERO DE CONTROL

  • campo de control: SpMaBN

005 - FECHA Y HORA DE LA ÚLTIMA TRANSACCIÓN

  • campo de control: 20250814020243.0

008 - ELEMENTOS DE DATO DE LONGITUD-FIJA

  • campo de control de longitud fija: 960208n| aijnnaabn |n aaa

016 ## - NÚMERO DE CONTROL DE UNA AGENCIA BIBLIOGRÁFICA NACIONAL

  • Número de control del registro: BNE19960112004

024 7# - IDENTIFICADOR DE OTROS ESTÁNDARES

  • Número estándar o código: http://viaf.org/viaf/99048285/
  • Fuente: viaf

024 7# - IDENTIFICADOR DE OTROS ESTÁNDARES

  • Número estándar o código: https://isni.org/isni/0000000070711423
  • Fuente: isni

040 ## - FUENTE DE CATALOGACIÓN

  • Centro catalogador/agencia de origen: SpMaBN
  • Lengua de catalogación: spa
  • Centro/agencia transcriptor: SpMaBN
  • Normas de descripción: rdc
  • Convención/Normas de encabezamiento de materia/tesauro: embne

046 ## - FECHAS CON CODIFICACIÓN ESPECIAL

  • Período de inicio: 1737
  • Fin de período: 1770

100 1# - ENCABEZAMIENTO-NOMBRE DE PERSONA

  • Nombre de persona: Ramírez, Gabriel,
  • Fechas asociadas al nombre: fl. 1737-1770

370 ## - LUGAR ASOCIADO

  • Lugar de residencia/sede: España, Madrid (Comunidad Autónoma), Madrid

371 ## - DIRECCIÓN

  • Dirección: Calle de Atocha
  • Ciudad: Madrid
  • País: España

371 ## - DIRECCIÓN

  • Dirección: Calle del Olmo
  • Ciudad: Madrid
  • País: España

372 ## - CAMPO DE ACTIVIDAD

  • Campo de actividad: Imprenta

374 ## - OCUPACIÓN

  • Ocupación: Impresor

375 ## - GÉNERO/SEXO

  • Género: Masculino

670 ## - FUENTE DE DATOS ENCONTRADOS

  • Cita de la fuente: España. Rey (1746-1759: Fernando VI).Cédula, 1747. Real cedula de la Compañia Real..., 1747
  • Información encontrada: Portada (En Madrid : Por Gabriel Ramirez, 1747)

670 ## - FUENTE DE DATOS ENCONTRADOS

  • Cita de la fuente: Gutiérrez del Caño
  • Información encontrada: (Ramírez, Gabriel. Activo de 1739 a 1770)

670 ## - FUENTE DE DATOS ENCONTRADOS

  • Cita de la fuente: Agulló, M. La imprenta y el comercio de libros en Madrid: (siglos XVI - XVIII), 2009 [recurso electrónico]
  • Información encontrada: Página 246 (Ramírez, Gabriel: impresor de la Real Academia de San Femando. Con tienda en la calle de Atocha, frente a la Trinidad calzada)

670 ## - FUENTE DE DATOS ENCONTRADOS

  • Cita de la fuente: Oracion panegyrica, que a la festividad de Nuestra Señora del Buen Parto, y Guía..., 1737
  • Información encontrada: Portada (En Madrid : en la imprenta de Gabriel Ramirez, calle del Olmo)

678 ## - DATOS BIOGRÁFICOS O HISTÓRICOS

  • Datos biográficos o históricos: Impresor : Madrid, 1737-70 (Aunque Gutiérrez del Caño lo supone activo entre 1739 y 1770, se conocen impresos suyos desde 1737)